LEADER 00861naa a2200229 u 4500 001 000000093745 003 CaOOAMICUS 005 20070226130135.0 008 010716s1970 fr u000 u eng u 035 $a10897443 040 $aPUL(R)$bita 100 1 $aOda, Shigeru,$d1924-$0(OLS)http://pul/name/60297 245 10$aInternational law of the resources of the sea /$cby Shigeru Oda. 260 $a[S. l. :$bs. n.],$c1970. 300 $aP. [355-484] 504 $aBibliografia in nota. 650 4$aDiritto internazionale.$0(OLS)http://pul/subject/2505 650 4$aDiritto marittimo.$0(OLS)http://pul/subject/2922 773 0 $tRecueil des cours$gv.II (1969) 773 0 $tRecueil des cours 1969$w()60153 996 $6245$aInternational law of the resources of the sea$9(OLS)http://pul/title/120605 996 $6260$a[S. l. :$bs. n.]$9(OLS)http://pul/publisher/47882 LEADER 01357nam a2200265 a 4500 001 000000155227 003 CaOOAMICUS 005 20161018162820.0 008 161018n it u000 u ita r 032 $aLibriCat 040 $aPUL$bita 100 1 $aRicca-Barberis, Mario,$d1877-1959.$0(OLS)http://pul/name/19000 245 10$aAcquisto per ritrovamento o invenzione :$b(cose ritrovate, tesoro, relitti del mare e d'aeromobili) / $cMario Ricca-Barberis. 260 $aTorino :$bpresso l'istituto giuridico della R. Università,$c[s.d.] 300 $a24 p. ;$c25 cm. 490 1 $aUniversità di Torino. Memorie dell'Istituto giuridico. Serie II ;$v57 504 $aContiene riferimenti bibliografici. 650 04$aDiritto privato.$0(OLS)http://pul/subject/2286 830 0$aMemorie dell'Istituto giuridico (Università di Torino).$nSerie II ;$v57.$0(OLS)http://pul/title/2705 850 $aPUL 852 $aPUL$W1$xDP1 Cons. Gen., Altre Classi 1$y22$m1039 F 2.57$j178288$qStampati$B181506$CPULBib$Z2$F181506 $H10900 $81 941 1 $a8 996 $6245$aAcquisto per ritrovamento o invenzione :$b(cose ritrovate, tesoro, relitti del mare e d'aeromobili) / $9(OLS)http://pul/title/194869 996 $6260$aTorino :$bpresso l'istituto giuridico della R. Università$9(OLS)http://pul/publisher/49812